[Event "2nd Yerevan Open 2017"]
[Site "Yerevan ARM"]
[Date "2017.09.20"]
[Round "2.37"]
[White "Moskalenko, Alexander"]
[Black "Israyelyan, Eduard"]
[Result "1-0"]
[WhiteTitle "IM"]
[WhiteElo "2531"]
[BlackElo "1854"]
[WhiteFideId "4155351"]
[BlackFideId "13310550"]
[EventDate "2017.09.19"]

1. Nf3 Nf6 2. c4 c5 3. Nc3 Nc6 4. e3 g6 5. d4 cxd4 6. exd4 d5 7. cxd5 Nxd5 8.
Qb3 Nxc3 9. Bc4 Nd5 10. Bxd5 e6 11. Bxc6+ bxc6 12. O-O Bg7 13. Bf4 O-O 14. Rfc1
Qd7 15. Qe3 Rd8 16. Bg5 f6 17. Bh6 Bxh6 18. Qxh6 Bb7 19. Qe3 Rac8 20. Rc5 Qd6
21. Re1 Kf7 22. Qh6 Kg8 23. Qe3 Kf7 24. h4 Re8 25. b4 Rcd8 26. Qh6 Rh8 27. a3
Ra8 28. Re4 Rac8 29. Nd2 1-0

[Event "2nd Yerevan Open 2017"]
[Site "Yerevan ARM"]
[Date "2017.09.20"]
[Round "2.38"]
[White "Chibukhchian, Artur"]
[Black "Chaqryan, Erik"]
[Result "1-0"]
[WhiteTitle "GM"]
[WhiteElo "2417"]
[BlackElo "1821"]
[WhiteFideId "13300717"]
[BlackFideId "13312340"]
[EventDate "2017.09.19"]

1. d4 Nf6 2. c4 g6 3. Nc3 d5 4. Nf3 Bg7 5. Bg5 Ne4 6. cxd5 Nxg5 7. Nxg5 e6 8.
Nf3 exd5 9. e3 c6 10. Bd3 O-O 11. h3 Nd7 12. O-O f5 13. b4 Nf6 14. Qb3 Ne4 15.
b5 Be6 16. Rac1 Qd6 17. bxc6 bxc6 18. Qb7 Bd7 19. Rc2 h6 20. Rfc1 g5 21. Ne5
Bxe5 22. dxe5 Qe6 23. Bxe4 fxe4 24. Ne2 Rfb8 25. Qc7 Rc8 26. Qa5 Qxe5 27. Nd4
Qd6 28. Qa6 Rab8 29. Qxa7 Ra8 30. Qb6 Rcb8 31. Qc5 Qxc5 32. Rxc5 Rxa2 33. Nxc6
Bxc6 34. Rxc6 Rf8 35. Rxh6 Rfxf2 36. Rg6+ Kh7 37. Rxg5 d4 38. exd4 e3 39. Re1
Rfe2 40. Rxe2 Rxe2 41. Re5 Kg6 42. Kh2 Kf6 43. Kg3 Kg6 44. d5 Rd2 45. Rxe3 Rxd5
46. h4 Rd1 47. Kh3 Kf5 48. Rf3+ Kg6 49. Rb3 Kf5 50. Rb5+ Kg6 51. g3 Rd4 52. Rb6+
Kg7 53. h5 Rd3 54. Kh4 Rd5 55. g4 Rd4 56. Rg6+ Kh7 57. Re6 Rb4 58. Kg5 Rb5+ 59.
Kf4 Rb1 60. Kf5 Rf1+ 61. Kg5 Rf7 62. Rf6 Ra7 63. Rf4 Ra5+ 64. Kh4 Ra1 65. Rf7+
Kg8 66. Re7 Ra6 67. Kg5 Ra5+ 68. Kf6 Ra6+ 69. Re6 Ra8 70. Kg6 Kh8 71. g5 Rf8 72.
Kh6 Rb8 73. g6 Kg8 74. Re5 Ra8 75. Kg5 Rb8 76. h6 1-0

[Event "2nd Yerevan Open 2017"]
[Site "Yerevan ARM"]
[Date "2017.09.20"]
[Round "2.39"]
[White "Danielyan, Vahe"]
[Black "Bagaturov, Giorgi"]
[Result "0-1"]
[WhiteTitle "FM"]
[BlackTitle "GM"]
[WhiteElo "2331"]
[BlackElo "2400"]
[WhiteFideId "13304828"]
[BlackFideId "13600133"]
[EventDate "2017.09.19"]

1. e4 c5 2. Nc3 Nc6 3. Bb5 Nd4 4. Nf3 Nxb5 5. Nxb5 g6 6. O-O Bg7 7. d4 a6 8. Nc3
cxd4 9. Nxd4 d6 10. Bg5 Nf6 11. Nd5 Nxd5 12. exd5 O-O 13. Re1 Re8 14. c3 Qc7 15.
Qd2 Qc4 16. Nc2 e5 17. Na3 Qc7 18. c4 Bd7 19. Rac1 f5 20. f3 f4 21. Kh1 h6 22.
Bh4 Bf5 23. Bf2 g5 24. c5 Rad8 25. c6 bxc6 26. Rxc6 Qf7 27. Nc4 Bf8 28. Re4 Qh5
29. Rxa6 Bxe4 30. fxe4 g4 31. Qe2 Be7 32. b4 Rf8 33. Ra3 Rc8 34. Rc3 Bh4 35.
Bxh4 Qxh4 36. g3 Qh3 37. Kg1 Rf6 38. gxf4 Qxc3 39. Qxg4+ Kh7 40. Qd7+ Kg6 41.
Qg4+ Kf7 42. Qd7+ Kf8 43. Qxc8+ Kg7 44. f5 Qe1+ 45. Kg2 Qxe4+ 46. Kg1 Qg4+ 47.
Kh1 Qf3+ 48. Kg1 Rxf5 0-1

[Event "2nd Yerevan Open 2017"]
[Site "Yerevan ARM"]
[Date "2017.09.20"]
[Round "2.40"]
[White "Kalashian, David"]
[Black "Kocharyan, Hayk"]
[Result "1-0"]
[WhiteTitle "IM"]
[WhiteElo "2389"]
[BlackElo "1737"]
[WhiteFideId "13302418"]
[BlackFideId "13310682"]
[EventDate "2017.09.19"]

1. e4 c5 2. Nc3 a6 3. Nf3 d6 4. d4 cxd4 5. Nxd4 Nf6 6. b3 e6 7. g4 h6 8. Bg2 Be7
9. O-O Nbd7 10. f4 Nh7 11. g5 Ndf8 12. gxh6 gxh6 13. Kh1 Bd7 14. e5 Qc7 15. exd6
Bxd6 16. Ne4 O-O-O 17. Nf5 exf5 18. Nxd6+ Kb8 19. Nxb7 Re8 20. Nd6 Re6 21. Nxf7
Rg8 22. Ne5 Nf6 23. Be3 Ne4 24. Bxe4 fxe4 25. Nxd7+ Nxd7 26. f5 Rf6 27. Bf4 Ne5
28. Qd5 Re8 29. Qxe4 1-0

[Event "2nd Yerevan Open 2017"]
[Site "Yerevan ARM"]
[Date "2017.09.20"]
[Round "2.41"]
[White "Rezanezhad, Mojtaba"]
[Black "Barseghyan, Armen Ar."]
[Result "1/2-1/2"]
[WhiteElo "1822"]
[BlackElo "2020"]
[WhiteFideId "12544108"]
[BlackFideId "13306707"]
[EventDate "2017.09.19"]

1. d4 Nf6 2. Nf3 e6 3. e3 c5 4. Bd3 d5 5. b3 Nc6 6. O-O Bd6 7. dxc5 Bxc5 8. Bb2
O-O 9. Nbd2 Re8 10. c4 Bb6 11. a3 a5 12. Rc1 Qe7 13. Qc2 h6 14. e4 dxe4 15. Nxe4
e5 16. h3 Nh5 17. Nc3 Be6 18. Nd5 Bxd5 19. cxd5 Nd4 20. Nxd4 Bxd4 21. Bxd4 exd4
22. Qc7 Qg5 23. f4 Qe7 24. Qxe7 Rxe7 25. Rc4 Rd8 26. Rxd4 Nf6 27. Bc4 b5 28.
Bxb5 Rxd5 29. Rxd5 Nxd5 30. Bc6 Nc3 31. Bf3 Nb5 32. b4 Nxa3 33. bxa5 Ra7 34. Rc1
Rxa5 35. Rc8+ Kh7 36. Rc7 f5 37. Bh5 Nb5 38. Rc6 Ra8 39. Bg6+ Kg8 40. Bxf5 Nd4
41. Rc8+ Rxc8 42. Bxc8 Ne2+ 43. Kf2 Nxf4 44. Kf3 g5 45. g3 Ng6 46. Kg4 Kg7 47.
h4 Kf6 48. hxg5+ hxg5 49. Kf3 Ne7 50. Bd7 Nf5 51. Kg4 Ne7 1/2-1/2

[Event "2nd Yerevan Open 2017"]
[Site "Yerevan ARM"]
[Date "2017.09.20"]
[Round "2.42"]
[White "Nourimoghaddam, Shahrokh"]
[Black "Petrosyan, Manuel"]
[Result "0-1"]
[BlackTitle "IM"]
[WhiteElo "1794"]
[BlackElo "2559"]
[WhiteFideId "12511307"]
[BlackFideId "13300857"]
[EventDate "2017.09.19"]

1. d4 Nf6 2. Bf4 d5 3. e3 c5 4. c3 Nc6 5. Nd2 e6 6. Ngf3 Be7 7. h4 Bd6 8. Ne5
Qc7 9. Ndf3 Nd7 10. Bb5 cxd4 11. exd4 f6 12. Nxd7 Bxf4 13. Nc5 Bd6 14. Nd3 O-O
15. Qa4 Na5 16. Qc2 e5 17. b4 e4 18. bxa5 exf3 19. O-O fxg2 20. Kxg2 Bh3+ 21.
Kh1 Bxf1 22. Rxf1 Qc8 23. f3 Qh3+ 0-1

[Event "2nd Yerevan Open 2017"]
[Site "Yerevan ARM"]
[Date "2017.09.20"]
[Round "2.43"]
[White "Arakelyan, Nare"]
[Black "Pluzyan, Aram"]
[Result "0-1"]
[WhiteElo "1772"]
[BlackElo "2079"]
[WhiteFideId "13307657"]
[BlackFideId "13304798"]
[EventDate "2017.09.19"]

1. e4 b6 2. Nc3 Bb7 3. d4 e6 4. f4 Bb4 5. Bd3 f5 6. Qe2 fxe4 7. Bxe4 Bxe4 8.
Qxe4 Nc6 9. Nf3 Nf6 10. Qd3 O-O 11. O-O Ne7 12. Ne2 Nf5 13. c3 Be7 14. Bd2 Qc8
15. Ne5 Qb7 16. g4 Nh4 17. Qh3 Ng6 18. g5 Ne4 19. Nxd7 Nxd2 20. Nxf8 Rxf8 21.
Qxe6+ Kh8 22. Rf2 Nf3+ 23. Kf1 Bd6 24. d5 Nxf4 25. Nxf4 Rxf4 26. Ke2 Qa6+ 27.
Ke3 Rf8 28. b4 Qc4 29. Rxf3 Qxc3+ 30. Ke2 Qxf3+ 0-1

[Event "2nd Yerevan Open 2017"]
[Site "Yerevan ARM"]
[Date "2017.09.20"]
[Round "2.44"]
[White "Yeritsyan, Hayk"]
[Black "Mkrtchyan, Mariam"]
[Result "1-0"]
[BlackTitle "WCM"]
[WhiteElo "2078"]
[BlackElo "1794"]
[WhiteFideId "13307320"]
[BlackFideId "13310828"]
[EventDate "2017.09.19"]

1. d4 d6 2. c4 e5 3. dxe5 dxe5 4. Qxd8+ Kxd8 5. Nc3 c6 6. g3 Be6 7. b3 Nd7 8.
Bg2 a5 9. Nf3 f6 10. O-O Nc5 11. Be3 Kc7 12. Rac1 Nh6 13. Rfd1 Nf5 14. Bd2 Be7
15. e4 Nd6 16. Ne1 b6 17. Be3 Ndb7 18. f4 Bd6 19. Nf3 Bg4 20. Kf2 Rhe8 21. h3
Bh5 22. f5 Bf8 23. g4 Bf7 24. Bf1 Red8 25. h4 Rxd1 26. Rxd1 Rd8 27. Rxd8 Kxd8
28. g5 Nd7 29. Be2 Bb4 30. Nb1 Nd6 31. Nfd2 Bc5 32. Bxc5 Nxc5 33. Ke3 Be8 34.
Nc3 Kc7 35. Nd1 Kd8 36. Nf2 Ke7 37. a3 Na6 38. Kd3 Nc8 39. Kc3 Nc7 40. b4 axb4+
41. axb4 Na7 42. Nf1 b5 43. c5 Bf7 44. Ng3 Ne8 45. Ng4 Kf8 46. h5 h6 47. gxh6
Kg8 48. hxg7 Kxg7 49. Bd1 Nc8 50. Bb3 Bxb3 51. Kxb3 Ne7 52. h6+ Kh7 53. Nh5 Ng8
54. Kc3 Kh8 55. Kd3 Kh7 56. Ke3 Kh8 57. Ke2 Kh7 58. Kf3 Kh8 59. Nhxf6 Nexf6 60.
Nxe5 Ne7 61. Ng6+ Nxg6 62. fxg6 Ng8 63. Kf4 Nxh6 64. Ke5 Kg7 65. Kd6 Kxg6 66.
Kxc6 Kf6 67. Kxb5 Ke7 68. Kc6 Nf7 69. b5 Nd8+ 70. Kb6 Kd7 71. c6+ Kc8 72. Kc5
Nf7 73. b6 Ng5 74. Kd5 Kd8 75. e5 Nh7 76. Kd6 Nf8 77. b7 Nd7 78. c7+ 1-0

[Event "2nd Yerevan Open 2017"]
[Site "Yerevan ARM"]
[Date "2017.09.20"]
[Round "2.45"]
[White "Seyranyan, Gor"]
[Black "Tavoosi Rad, Ramtin"]
[Result "1/2-1/2"]
[WhiteElo "1747"]
[BlackElo "2070"]
[WhiteFideId "13309544"]
[BlackFideId "12524638"]
[EventDate "2017.09.19"]

1. d4 Nf6 2. Nf3 e6 3. c4 c5 4. d5 exd5 5. cxd5 d6 6. Nc3 g6 7. e4 Bg7 8. Bb5+
Nfd7 9. Bf4 Qb6 10. Qb3 Qc7 11. Nd2 O-O 12. Bxd7 Qxd7 13. Nc4 Na6 14. O-O Qg4
15. Bxd6 Re8 16. f3 Qg5 17. Bg3 h5 18. Ne2 h4 19. Bf4 Qh5 20. h3 Nb4 21. Nd6 Rf8
22. a3 Na6 23. Nxc8 Raxc8 24. Qxb7 Nb8 25. Rfd1 Rfd8 26. Bc7 Rf8 27. d6 Nd7 28.
Rd5 Qh8 29. Qb5 Rcd8 30. Bxd8 Rxd8 31. Rc1 Bxb2 32. Rcxc5 Bxa3 33. Rc7 Nb6 34.
Rd3 Qa1+ 35. Kh2 Bb2 36. Qg5 Bf6 37. Qc1 Qe5+ 38. f4 Qxe4 39. Qd2 Nc4 40. Qc2
Ne3 41. Rxe3 Qxe3 42. Qc4 Rf8 43. d7 a5 44. Rc8 Qe7 45. Qc7 a4 46. Nc3 Qe3 47.
Rxf8+ Kxf8 48. Qd6+ Kg8 49. Ne4 Bd8 50. Nf6+ Kg7 51. Nd5 Qg3+ 52. Kg1 Qe1+ 53.
Kh2 Qg3+ 54. Kg1 Qe1+ 1/2-1/2

[Event "2nd Yerevan Open 2017"]
[Site "Yerevan ARM"]
[Date "2017.09.20"]
[Round "2.46"]
[White "Melkonyan, Arshak"]
[Black "Piliposyan, Robert"]
[Result "1-0"]
[WhiteElo "2064"]
[BlackElo "1773"]
[WhiteFideId "13311662"]
[BlackFideId "13309978"]
[EventDate "2017.09.19"]

1. Nf3 Nf6 2. d4 e6 3. e3 c5 4. Bd3 b6 5. O-O Bb7 6. c4 d6 7. Nc3 Nbd7 8. Re1
Be7 9. h3 O-O 10. d5 exd5 11. cxd5 Ne5 12. Nxe5 dxe5 13. e4 Ne8 14. f4 Bf6 15.
Qf3 Nd6 16. Bd2 c4 17. Bf1 b5 18. a3 Rc8 19. Nd1 Re8 20. Bc3 a5 21. Nf2 Qb6 22.
Kh1 b4 23. axb4 axb4 24. Bxe5 Bxe5 25. fxe5 Rxe5 26. Ng4 Re7 27. e5 Nb5 28. Qg3
Kh8 29. Qh4 Rd7 30. e6 fxe6 31. dxe6 Rd2 32. Nf6 h6 33. e7 Nc7 34. Qf4 Rf2 35.
Nd7 Rxf4 36. Nxb6 Rb8 37. Nd7 Ra8 38. Rxa8+ Bxa8 39. e8=Q+ Nxe8 40. Rxe8+ Kh7
41. Nf8+ Kg8 42. Ng6+ Kf7 43. Rf8+ Kxg6 44. Rxf4 c3 45. Rxb4 cxb2 46. Rxb2 Be4
47. Kh2 Kf7 48. g4 Bd5 49. Rc2 Kf6 50. Kg3 Be4 51. Rf2+ Kg6 52. h4 h5 53. Rf4
Bc2 54. Rc4 Bb1 55. Rc6+ Kh7 56. g5 Bf5 57. Kf4 Bb1 58. Rd6 Kg8 59. Bd3 Ba2 60.
Bg6 1-0

[Event "2nd Yerevan Open 2017"]
[Site "Yerevan ARM"]
[Date "2017.09.20"]
[Round "2.47"]
[White "Barseghyan, Narek"]
[Black "Shahzamani, Arman"]
[Result "1/2-1/2"]
[WhiteElo "1733"]
[BlackElo "2064"]
[WhiteFideId "13308092"]
[BlackFideId "12507318"]
[EventDate "2017.09.19"]

1. c4 g6 2. g3 Nf6 3. Nc3 Bg7 4. Bg2 O-O 5. Nf3 d6 6. O-O c5 7. d4 cxd4 8. Nxd4
Nc6 9. Nxc6 bxc6 10. Bxc6 Rb8 11. Bg2 Qa5 12. Nb5 Bb7 13. Bd2 Qa6 14. Bxb7 Qxb7
15. Bc3 d5 16. Na3 Rfd8 17. e3 Qa6 18. Qe2 Rdc8 19. Be5 Rb6 20. Rfc1 Rbc6 21.
Rc2 dxc4 22. Rac1 Nd5 23. Bxg7 Kxg7 24. Qd2 Nb6 25. Qb4 Rc5 26. e4 Kg8 27. b3
Ra5 28. Nxc4 Rxa2 29. Qxe7 Rxc2 30. Rxc2 Nxc4 31. bxc4 Qa4 32. Rd2 Qxc4 33. Rd8+
Rxd8 34. Qxd8+ Kg7 35. Qe7 Qd4 36. h4 a5 37. e5 Qd1+ 38. Kg2 Qd5+ 39. Kg1 a4 40.
Qb4 Qd1+ 41. Kg2 h5 42. e6 Qd5+ 43. Kg1 Qxe6 44. Qxa4 Qd5 45. Qa1+ f6 46. Qa7+
Qf7 47. Qc5 Qb7 48. Qd6 Kf7 49. Qf4 Qd5 50. Kh2 Ke6 51. Qe3+ Qe5 52. Qd3 f5 53.
Qd8 Kf7 54. Qd7+ Kg8 55. Qd8+ Kg7 56. Qd2 Qe4 57. Qd6 1/2-1/2

[Event "2nd Yerevan Open 2017"]
[Site "Yerevan ARM"]
[Date "2017.09.20"]
[Round "2.48"]
[White "Gesyan, Suren"]
[Black "Hakobyan, Hakob Mk."]
[Result "0-1"]
[WhiteElo "2063"]
[BlackElo "1763"]
[WhiteFideId "13305735"]
[BlackFideId "13309285"]
[EventDate "2017.09.19"]

1. e4 e5 2. Nf3 Nc6 3. Bb5 a6 4. Bxc6 dxc6 5. O-O Be7 6. Nxe5 Qd4 7. Nf3 Qxe4 8.
d3 Qf5 9. Re1 Bd7 10. Nc3 O-O-O 11. Ne4 f6 12. Ng3 Qd5 13. Qe2 h5 14. Qe4 Qf7
15. Nh4 g5 16. Ng6 Rh7 17. Nxe7+ Nxe7 18. Qd4 Kb8 19. Ne4 Rh6 20. Nd6 Qf8 21.
Qb4 b6 22. Nf7 Qxf7 23. Rxe7 Qd5 24. Be3 c5 25. Qe4 Qd6 26. h4 Rhh8 27. hxg5 Bf5
28. Bf4 Bxe4 29. Bxd6 Rxd6 30. dxe4 fxg5 31. Rg7 g4 32. e5 Rd2 33. Re1 Rf8 34.
f3 gxf3 35. gxf3 Rxc2 36. e6 Rxb2 37. e7 Re8 38. f4 Rb4 39. f5 Rf4 40. Rg5 h4
41. Re6 c4 42. f6 Kc8 43. Rge5 c3 44. Re2 Kd7 45. R6e4 Rxf6 46. Rc4 Rc6 0-1

[Event "2nd Yerevan Open 2017"]
[Site "Yerevan ARM"]
[Date "2017.09.20"]
[Round "2.49"]
[White "Gevorgyan, Anahit"]
[Black "Yeremyan, Alen"]
[Result "0-1"]
[WhiteElo "1723"]
[BlackElo "2060"]
[WhiteFideId "13305646"]
[BlackFideId "13308998"]
[EventDate "2017.09.19"]

1. f4 Nf6 2. e3 d6 3. Nf3 c5 4. Be2 g6 5. b3 Bg7 6. Bb2 O-O 7. O-O b6 8. c4 Bb7
9. Qe1 Nc6 10. Nc3 e5 11. fxe5 dxe5 12. Qh4 e4 13. Ng5 h6 14. Ncxe4 Nxe4 15.
Bxg7 Qxg5 16. Qxg5 hxg5 17. Bxf8 Rxf8 18. d3 Nd6 19. Bf3 Kg7 20. g4 Re8 21. Rae1
Ne5 22. Be2 Nc6 23. Kf2 Rh8 24. Kg3 Re8 25. Kf2 Nb4 26. e4 f6 27. a3 Nc6 28. Rb1
a5 29. Kg3 Nf7 30. Rf2 Nfe5 31. Bf1 Rd8 32. Rd2 f5 33. gxf5 gxf5 34. exf5 Nd4
35. Bh3 Kf6 36. b4 axb4 37. axb4 Ne2+ 38. Kf2 Nc3 39. Rbb2 Rxd3 40. Bg2 Nd1+ 41.
Rxd1 Rxd1 42. Ke2 Rd7 43. Bxb7 Rxb7 44. bxc5 Nxc4 45. Rb4 b5 46. c6 Rc7 47. Rxb5
Rxc6 48. Kf2 Nd6 49. Rb4 Nxf5 50. Kf3 Kg6 51. Kg4 Nh6+ 52. Kg3 Kh5 53. h3 Nf5+
54. Kf3 Nh4+ 55. Kg3 Rc2 0-1

[Event "2nd Yerevan Open 2017"]
[Site "Yerevan ARM"]
[Date "2017.09.20"]
[Round "2.50"]
[White "Ziroyan, David"]
[Black "Hakobyan, Norayr"]
[Result "1-0"]
[WhiteElo "2055"]
[BlackElo "1727"]
[WhiteFideId "13307479"]
[BlackFideId "13312235"]
[EventDate "2017.09.19"]

1. Nf3 Nf6 2. g3 b6 3. Bg2 Bb7 4. O-O c5 5. c4 e6 6. Nc3 Be7 7. d4 cxd4 8. Nxd4
Bxg2 9. Kxg2 a6 10. Qd3 Qc8 11. b3 O-O 12. Qf3 Ra7 13. Rd1 Rc7 14. Bb2 d6 15.
Ne4 Nbd7 16. Nxf6+ Nxf6 17. Rac1 d5 18. cxd5 Nxd5 19. Nf5 Bf6 20. Bxf6 exf5 21.
Bb2 Rxc1 22. Rxc1 Qe6 23. Rd1 Nf6 24. Bxf6 Qxf6 25. Rd5 Qb2 26. a4 Re8 27. Qe3
Rf8 28. Rxf5 Qc2 29. Re5 Qc6+ 30. Qe4 Qxe4+ 31. Rxe4 Rd8 32. Re7 g6 33. Ra7 a5
34. Rb7 Rd6 35. Kf3 Kg7 36. Ke4 Kf6 37. f4 h5 38. h3 Ke6 39. g4 hxg4 40. hxg4
f5+ 41. gxf5+ gxf5+ 42. Ke3 Kf6 43. Kf3 Rc6 44. e3 Kg6 45. Rd7 Kf6 46. Ke2 Ke6
47. Rh7 Kd5 48. Re7 Kc5 49. Re5+ Kb4 50. Rb5+ Kc3 51. e4 Kd4 52. exf5 Ke4 53.
Re5+ Kxf4 54. Re6 Rc2+ 55. Kd3 Kxf5 56. Rxb6 Rc1 57. Rb5+ Ke6 58. Rxa5 Kd7 59.
Rb5 Kc7 60. Rb4 Rh1 61. Kc3 Rh3+ 62. Kb2 Rh1 63. Rg4 Kb6 64. Kc3 Rh3+ 65. Kb4
Rf3 66. a5+ Ka6 67. Rg6+ Kb7 68. Ka4 Rf5 69. b4 Rh5 70. Rg7+ Kb8 71. a6 Rh8 72.
b5 Rf8 73. Ka5 Rh8 74. Rg5 Rf8 75. b6 Rd8 76. a7+ Kb7 77. Rg7+ Kc6 78. b7 Rd5+
79. Ka6 Rd1 80. Rc7+ 1-0

[Event "2nd Yerevan Open 2017"]
[Site "Yerevan ARM"]
[Date "2017.09.20"]
[Round "2.51"]
[White "Brutyan, Hamlet"]
[Black "Sargsyan, Anna M."]
[Result "0-1"]
[WhiteElo "1704"]
[BlackElo "2047"]
[WhiteFideId "13310070"]
[BlackFideId "13308130"]
[EventDate "2017.09.19"]

1. e4 Nf6 2. e5 Nd5 3. d4 d6 4. Nf3 Bg4 5. Be2 c6 6. O-O Bxf3 7. Bxf3 dxe5 8.
dxe5 e6 9. c4 Ne7 10. Qxd8+ Kxd8 11. Nc3 Ng6 12. Bg5+ Kc8 13. Rfe1 Nd7 14. Rad1
Bb4 15. Bh5 Ngxe5 16. f4 Nxc4 17. Bxf7 Nxb2 18. Bxe6 Nxd1 19. Rxd1 Bxc3 20. Rxd7
Kb8 21. Be7 a5 22. Bd6+ Ka7 23. Bc5+ Ka6 24. Rc7 Kb5 25. Be3 Rhb8 26. Rf7 b6 27.
Rc7 c5 28. Bd5 Rc8 29. Re7 Re8 30. Rc7 Rac8 31. Rxc8 Rxc8 32. Kf1 Rd8 33. Bb3
Bd2 34. Ke2 Bxe3 35. Kxe3 c4 36. Bc2 h6 37. g4 Kb4 38. a4 Kc3 39. Bf5 Kb2 40. g5
c3 41. gxh6 gxh6 42. Kf3 c2 43. Bxc2 Kxc2 44. f5 Kb3 0-1

[Event "2nd Yerevan Open 2017"]
[Site "Yerevan ARM"]
[Date "2017.09.20"]
[Round "2.52"]
[White "Harutyunyan, Erik"]
[Black "Hakobyan, Astghik"]
[Result "1-0"]
[WhiteElo "2031"]
[BlackElo "1708"]
[WhiteFideId "13309404"]
[BlackFideId "13311751"]
[EventDate "2017.09.19"]

1. d4 Nf6 2. c4 e6 3. Nf3 b6 4. Nc3 Bb7 5. Bg5 Bb4 6. Nd2 h6 7. Bh4 c5 8. e3 d6
9. Be2 cxd4 10. exd4 Nbd7 11. O-O Bxc3 12. bxc3 O-O 13. Qb3 Qc7 14. Bg3 e5 15.
Rfe1 Rfe8 16. Rac1 Rac8 17. Bd3 Nh5 18. Be4 Bxe4 19. Rxe4 Nxg3 20. hxg3 f5 21.
Re3 Kh8 22. Rce1 e4 23. f3 Nf6 24. Qb5 d5 25. cxd5 Qxg3 26. fxe4 Qf4 27. g3 Qg5
28. d6 Rcd8 29. Qxf5 Qxf5 30. exf5 Rxe3 31. Rxe3 Rxd6 32. Kg2 Nd5 33. Re6 Rd8
34. c4 Nb4 35. d5 Nxd5 36. cxd5 Rxd5 37. Ne4 Rb5 38. Re7 Ra5 39. Nc3 b5 40. Re5
Ra3 41. Nxb5 Rxa2+ 42. Kh3 Kh7 43. Re7 a5 44. Nd6 a4 45. Ne8 a3 46. Rxg7+ Kh8
47. Ra7 Ra1 48. Nf6 a2 49. Rh7# 1-0

[Event "2nd Yerevan Open 2017"]
[Site "Yerevan ARM"]
[Date "2017.09.20"]
[Round "2.53"]
[White "Martirosyan, Garik"]
[Black "Asghari, Mitra"]
[Result "1-0"]
[WhiteElo "2018"]
[BlackElo "1673"]
[WhiteFideId "13306286"]
[BlackFideId "12545147"]
[EventDate "2017.09.19"]

1. d4 Nf6 2. c4 g6 3. Nc3 Bg7 4. e4 d6 5. h3 O-O 6. Be3 a6 7. Nf3 e5 8. d5 h6 9.
g4 Ne8 10. Rg1 Kh7 11. Bd3 c6 12. Qd2 cxd5 13. cxd5 b5 14. b4 Nd7 15. a4 Bb7 16.
axb5 a5 17. bxa5 Rxa5 18. Rxa5 Qxa5 19. Nb1 Qxd2+ 20. Nfxd2 Nc5 21. Bc4 Nf6 22.
Nc3 Ra8 23. Ke2 Ra3 24. Rc1 h5 25. f3 hxg4 26. hxg4 Nfd7 27. Ba2 Na4 28. Nxa4
Rxa2 29. Rc7 Rxa4 30. Rxd7 Bc8 31. Rc7 Ra8 32. Nc4 Ra2+ 33. Bd2 1-0

[Event "2nd Yerevan Open 2017"]
[Site "Yerevan ARM"]
[Date "2017.09.20"]
[Round "2.54"]
[White "Grigoryan, Aram"]
[Black "Hoghmrtsyan, Artur"]
[Result "1/2-1/2"]
[WhiteElo "1673"]
[BlackElo "2012"]
[WhiteFideId "13310542"]
[BlackFideId "13306685"]
[EventDate "2017.09.19"]

1. d4 Nf6 2. c4 g6 3. Nc3 Bg7 4. e4 d6 5. Be2 O-O 6. Bg5 Nbd7 7. Qd2 c5 8. d5 a6
9. a4 Re8 10. Nf3 e6 11. O-O exd5 12. exd5 Qc7 13. Rfe1 Nf8 14. Bd3 Bd7 15. h3
Rxe1+ 16. Rxe1 Re8 17. Rxe8 Nxe8 18. b3 Qb6 19. Bc2 Qb4 20. Nb1 Qxd2 21. Nbxd2
b5 22. axb5 axb5 23. Be7 Bf6 24. Bxf6 Nxf6 25. Ne4 Nxe4 26. Bxe4 f5 27. Bd3 bxc4
28. bxc4 Kf7 29. Kf1 Kf6 30. h4 h6 31. Nd2 Ke5 32. Nf3+ Kf6 33. Nd2 f4 34. g3
fxg3 35. fxg3 Bc8 36. Ke2 Nd7 37. Nf3 Nb6 38. Ke3 g5 39. hxg5+ hxg5 40. Nd2 Ke5
41. Nf3+ Kf6 42. Nd2 Bf5 43. g4 Bxd3 44. Kxd3 Ke5 45. Ke3 Na4 46. Nf3+ Kf6 47.
Nd2 Nb2 48. Ke4 Nd1 49. Kf3 Ke5 50. Ke2 Nc3+ 51. Ke3 Na4 52. Nf3+ Kf6 53. Nd2
Nb6 54. Kd3 Nd7 55. Ne4+ Ke7 56. Nxg5 Ne5+ 57. Kc3 Nxg4 58. Ne4 Ne5 59. Kb3 Nf3
60. Ka4 Nd4 1/2-1/2

[Event "2nd Yerevan Open 2017"]
[Site "Yerevan ARM"]
[Date "2017.09.20"]
[Round "2.55"]
[White "Petrosyants, Argishti"]
[Black "Manukyan, Aleks"]
[Result "0-1"]
[WhiteElo "1667"]
[BlackElo "2003"]
[WhiteFideId "13313312"]
[BlackFideId "13309293"]
[EventDate "2017.09.19"]

1. d4 Nf6 2. c4 c5 3. d5 e6 4. Nc3 exd5 5. Nxd5 Nxd5 6. cxd5 d6 7. e4 g6 8. Bd3
Bg7 9. Ne2 O-O 10. O-O Na6 11. Rb1 Nc7 12. Nc3 Rb8 13. Qe2 a6 14. a4 Re8 15. Be3
b5 16. axb5 axb5 17. Nxb5 Nxb5 18. Bxb5 Rxe4 19. Bc4 Qa5 20. b3 Qc3 21. Rbc1 Qe5
22. Qd2 Bd7 23. Rfe1 Qh5 24. Be2 Bg4 25. Bxg4 Rxg4 26. Bf4 Bd4 27. Bxd6 Qxd5 28.
Bg3 Rxb3 29. Re8+ Kg7 30. Qe2 h5 31. Be5+ Bxe5 32. Qxe5+ Qxe5 33. Rxe5 Rc4 34.
Ree1 Rcc3 35. g3 c4 36. Kg2 Kf6 37. Rxc3 Rxc3 38. Re8 Rc2 39. Rc8 Ke5 40. Rc7 f6
41. Re7+ Kd5 42. Kf3 Ra2 43. Rd7+ Kc5 44. Ke3 Ra6 45. Rg7 g5 46. Rh7 Re6+ 47.
Kd2 Kd4 48. Rd7+ Kc5 49. Rc7+ Rc6 50. Rh7 Rb6 51. Kc3 Rb3+ 52. Kc2 Rf3 53. Rxh5
Rxf2+ 54. Kc3 Rf3+ 55. Kc2 Kd4 56. Rh7 Rf2+ 57. Kd1 Rg2 58. Rd7+ Ke4 59. Rc7
Rxh2 60. Rxc4+ Kd3 0-1

[Event "2nd Yerevan Open 2017"]
[Site "Yerevan ARM"]
[Date "2017.09.20"]
[Round "2.56"]
[White "Nazemi, Pedram"]
[Black "Ohanyan, Emin"]
[Result "1-0"]
[WhiteElo "1978"]
[BlackElo "1672"]
[WhiteFideId "12507784"]
[BlackFideId "13312022"]
[EventDate "2017.09.19"]

1. e4 c5 2. Nf3 d6 3. d4 cxd4 4. Nxd4 Nf6 5. Nc3 a6 6. Be3 e5 7. Nf3 Be7 8. Bc4
O-O 9. O-O h6 10. Nh4 Ng4 11. Ng6 Re8 12. Nxe7+ Rxe7 13. Nd5 Nxe3 14. Nxe7+ Qxe7
15. fxe3 Be6 16. Bxe6 fxe6 17. Qd3 Nc6 18. Rad1 Rd8 19. c4 Qc7 20. a3 Ne7 21. b4
Qc6 22. Rd2 Nc8 23. c5 d5 24. exd5 exd5 25. Rfd1 Ne7 26. Qb3 Kh8 27. h3 Qg6 28.
a4 Qg3 29. Rf2 Rg8 30. Rf3 Qg5 31. b5 axb5 32. axb5 Ra8 33. Rdf1 Kh7 34. Qc3 Ng6
35. Kh2 Nh4 36. Rg3 Qh5 37. Qd3+ e4 38. Qd4 Rg8 39. Rg4 Ng6 40. Kg1 Ne5 41. Rgf4
Nc4 42. R1f2 Qg5 43. h4 Qh5 44. Rf5 Qxh4 45. Rxd5 Na3 46. Qb4 Ra8 47. Rf4 Qg3
48. Qxe4+ Kh8 49. Rdf5 Rg8 50. Rf8 1-0

[Event "2nd Yerevan Open 2017"]
[Site "Yerevan ARM"]
[Date "2017.09.20"]
[Round "2.57"]
[White "Mesropian, Khachatur"]
[Black "Antonyan, Samvel"]
[Result "1-0"]
[WhiteElo "1974"]
[BlackElo "1648"]
[WhiteFideId "13301390"]
[BlackFideId "13311514"]
[EventDate "2017.09.19"]

1. d4 d5 2. c4 e6 3. Nc3 Nf6 4. cxd5 exd5 5. Bg5 Be7 6. e3 O-O 7. Bd3 Nbd7 8.
Nf3 b6 9. Qc2 Bb7 10. O-O c5 11. Rfd1 Ne4 12. Bf4 Ndf6 13. Bxe4 dxe4 14. Ng5
cxd4 15. Rxd4 Qc8 16. Rc1 Bc5 17. Rc4 Ba6 18. Ncxe4 Nxe4 19. Qxe4 g6 20. b4 Bxc4
21. Rxc4 Qd7 22. h3 Qd1+ 23. Kh2 Bd6 24. Rd4 Bxf4+ 25. Qxf4 Qc2 26. Ne4 f5 27.
Ng5 Qc8 28. Qe5 Qe8 29. Qd5+ Kh8 30. g3 h6 31. Rh4 Kg7 32. Qb7+ Kf6 33. Nh7+ Ke6
34. Rd4 Rd8 35. Nxf8+ Qxf8 36. Rxd8 Qxd8 37. Qxa7 Qd6 38. Qg7 Qxb4 39. Qxg6+ Ke7
40. Qxh6 Qa3 41. Qxb6 Qxa2 42. Qb4+ Ke6 43. Qf4 Qe2 44. g4 1-0